Sports Quiz

Random Sports Quiz

Afl Grand Final players 2011 Quiz Stats

 Plays Quiz not verified by Sporcle

Challenge
Share
Tweet
Embed
Score 0/44 Timer 12:00
0 Plays Today
Position Player % Correct
Centre Half ForwardTravis Cloke
96.6%
Centre Half ForwardTom Hawkins
96%
Ruck RoverDane Swan
96%
RuckDarren Jolly
95.3%
Half Forward FlankSteve Johnson
94%
WingScott Pendlebury
94%
InterchangeBen Johnson
94%
Ruck RoverJimmy Bartel
92.6%
Back PocketMatthew Scarlett
91.9%
WingJoel Selwood
91.3%
RuckBrad Ottens
90.6%
Half Back FlankCorey Enright
89.3%
Full ForwardJames Podsiadly
89.3%
Centre Half BackBen Reid
89.3%
Forward PocketTravis Varcoe
88.6%
RoverCameron Ling
88.6%
WingDale Thomas
88.6%
Full ForwardChris Dawes
88.6%
Centre Half BackHarry Taylor
87.9%
Full BackTom Lonergan
86.6%
CentreJoel Corey
86.6%
Half Forward FlankPaul Chapman
86.6%
Position Player % Correct
Half Forward FlankLeon Davis
86.6%
Half Back FlankNick Maxwell
85.9%
InterchangeLeigh Brown
84.6%
Back PocketJosh Hunt
82.6%
WingAndrew Mackie
82.6%
InterchangeJames Kelly
81.2%
Forward PocketMatthew Stokes
80.5%
Back PocketHarry O'Brien
79.9%
Half Forward FlankAlan Didak
79.9%
RoverLuke Ball
77.9%
SubMitchell Duncan
77.2%
Full BackChris Tarrant
76.5%
Forward PocketSteele Sidebottom
76.5%
Half Back FlankHeath Shaw
75.2%
SubAlex Fasolo
73.2%
InterchangeAllen Christensen
72.5%
Forward PocketAndrew Krakouer
69.1%
InterchangeTrent West
68.5%
InterchangeJarryd Blair
68.5%
Back PocketAlan Toovey
67.1%
CentreSharrod Wellingham
61.7%
Half Back FlankDavid Wojcinski
60.4%

You're not logged in!

Compare scores with friends on all Sporcle quizzes.
Join for Free
OR
Log In

You Might Also Like...

Show Comments

Extras

Created Oct 14, 2011ReportNominate
Tags:afl

Top Quizzes Today


Score Distribution

Your Account Isn't Verified!

In order to create a playlist on Sporcle, you need to verify the email address you used during registration. Go to your Sporcle Settings to finish the process.

Report this User

Report this user for behavior that violates our Community Guidelines.

Details: